Glimpses of Old Dhaka: (Record no. 21597)
[ view plain ]
| 000 -LEADER | |
|---|---|
| fixed length control field | 00804cam a2200241u 4500 |
| 001 - CONTROL NUMBER | |
| control field | 8469887 |
| 003 - CONTROL NUMBER IDENTIFIER | |
| control field | BDDh-ASL |
| 005 - DATE AND TIME OF LATEST TRANSACTION | |
| control field | 20231015030021.0 |
| 008 - FIXED-LENGTH DATA ELEMENTS--GENERAL INFORMATION | |
| fixed length control field | 820909s1965 xx abc 000 0 eng |
| 010 ## - LIBRARY OF CONGRESS CONTROL NUMBER | |
| LC control number | sa 66005997 |
| 040 ## - CATALOGING SOURCE | |
| Original cataloging agency | DLC |
| Transcribing agency | CarP |
| Modifying agency | DLC |
| -- | BDDh-ASL |
| 050 00 - LIBRARY OF CONGRESS CALL NUMBER | |
| Classification number | DS486.D155 |
| Item number | T3 1965 |
| 082 ## - DEWEY DECIMAL CLASSIFICATION NUMBER | |
| Classification number | 954.92 |
| Item number | TAG |
| 100 1# - MAIN ENTRY--PERSONAL NAME | |
| Personal name | Taifoor, Syed Muhammed. [from old catalog] |
| 245 10 - TITLE STATEMENT | |
| Title | Glimpses of Old Dhaka: |
| Remainder of title | a short historical narration of East Bengal and Aassam / |
| 250 ## - EDITION STATEMENT | |
| Edition statement | 2d ed. |
| 260 ## - PUBLICATION, DISTRIBUTION, ETC. | |
| Place of publication, distribution, etc. | Dhaka: |
| Name of publisher, distributor, etc. | Syed Muhammed Taifoor, |
| Date of publication, distribution, etc. | 1965. |
| -- | Unknown. |
| 300 ## - PHYSICAL DESCRIPTION | |
| Extent | xxx, 288 p. : |
| Other physical details | illus., map, port. |
| Dimensions | 23 cm. |
| 651 #0 - SUBJECT ADDED ENTRY--GEOGRAPHIC NAME | |
| Geographic name | Dhaka (Bangladesh) |
| General subdivision | History. |
| 651 #0 - SUBJECT ADDED ENTRY--GEOGRAPHIC NAME | |
| Geographic name | Eastern Bengal and Assam (India) |
| General subdivision | History. |
| 906 ## - LOCAL DATA ELEMENT F, LDF (RLIN) | |
| a | 0 |
| b | cbc |
| c | premunv |
| d | u |
| e | ncip |
| f | 19 |
| g | y-gencatlg |
| 942 ## - ADDED ENTRY ELEMENTS (KOHA) | |
| Source of classification or shelving scheme | Dewey Decimal Classification |
| Koha item type | Books |
| Withdrawn status | Lost status | Source of classification or shelving scheme | Damaged status | Not for loan | Collection code | Home library | Current library | Shelving location | Date acquired | Source of acquisition | Total Checkouts | Full call number | Barcode | Date last seen | Copy number | Price effective from | Koha item type | Public note |
|---|---|---|---|---|---|---|---|---|---|---|---|---|---|---|---|---|---|---|
| Dewey Decimal Classification | Non-fiction | Asiatic Society Library | Asiatic Society Library | General Stacks | 02/07/2021 | ASB Library Collections | 954.92 TAG | 105437 | 02/07/2021 | C-1 | 02/07/2021 | Books | RARE | |||||
| Dewey Decimal Classification | Not For Loan | Non-fiction | Asiatic Society Library | Asiatic Society Library | General Stacks | 02/07/2021 | ASB Library Collections | 954.92 TAG | 105438 | 02/07/2021 | C-2 | 02/07/2021 | Books | RARE | ||||
| Dewey Decimal Classification | Not For Loan | Non-fiction | Asiatic Society Library | Asiatic Society Library | General Stacks | 02/07/2021 | ASB Library Collections | 954.92 TAG | 105439 | 02/07/2021 | C-3 | 02/07/2021 | Books | RARE | ||||
| Dewey Decimal Classification | Not For Loan | Non-fiction | Asiatic Society Library | Asiatic Society Library | General Stacks | 02/07/2021 | ASB Library Collections | 954.92 TAG | 105440 | 02/07/2021 | C-4 | 02/07/2021 | Books | RARE | ||||
| Dewey Decimal Classification | Non-fiction | Asiatic Society Library | Asiatic Society Library | General Stacks | 02/08/2021 | ASB Library Collections | 954.92 TAG | 105451 | 02/08/2021 | C-5 | 02/08/2021 | Books | RARE | |||||
| Dewey Decimal Classification | Non-fiction | Asiatic Society Library | Asiatic Society Library | Dhaka Collection | 05/26/2022 | ASB Library Collection | 954.92 TAG | 116798 | 05/26/2022 | C-6 | 05/26/2022 | Books | RARE |